Liga Argentina de Fútbol - Top 4 (Amateur) - Estadísticas

Estadísticas generales
  • Esta prueba ha sido intentada 69 veces
  • La puntuación promedio es 24 de 55
Estadísticas de respuestas
% Correcto
Boca Juniors
97%
River Plate
97%
Independiente
91%
Racing Club
88%
San Lorenzo
88%
Estudiantes (BA)
82%
Estudiantes (LP)
82%
Huracán
79%
Gimnasia y Esgrima (BA)
71%
Gimnasia y Esgrima (LP)
71%
Vélez Sarsfield
71%
Alumni
68%
Banfield
68%
Lanús
68%
Lanús Athletic
68%
Argentinos de Quilmes
65%
Argentinos Juniors
65%
Ferro Carril Oeste
65%
Platense
62%
Quilmes
62%
Quilmes Rowers
62%
Rosario Athletic
59%
Belgrano Athletic
56%
Atlanta
47%
Nueva Chicago
44%
Sportivo Barracas
38%
Barracas Athletic
35%
Barracas Central
35%
Lomas Academy
35%
Lomas Athletic
35%
All Boys
29%
Estudiantil Porteño
29%
Sportivo Dock Sud
29%
San Martín Athletic
26%
Temperley
26%
Almagro
24%
Porteño
24%
Saint Andrews
24%
Sportivo Almagro
24%
Sportivo Palermo
24%
Old Caledonians
21%
Sportivo Buenos Aires
21%
Buenos Aires FC
18%
Buenos Aires & Rosario Railway
18%
Defensores de Belgrano
18%
El Porvenir
18%
Colegiales
15%
Flores Athletic
12%
GEBA
12%
San Isidro
12%
Lobos Athletic
9%
Del Plata
6%
Eureka
6%
Kimberley
6%
Spotivo Balcarce
3%
No se encontraron pruebas coincidentes
Distribución de puntuación
Porcentaje de gente con cada puntuación
Porcentaje por número respondido
Historial de tus puntuaciones
No has intentado esta prueba.